000 00500nam a2200181Ia 4500
005 20250508153957.0
008 008 250505s9999 xx 000 0 eng d
037 _aTextual
040 _aFEDL
_beng
_cFEDL
041 _aeng
_2eng
084 _a407, FIN
_qFEDL
100 _aFinocchiaro Mary
245 0 _aTeaching children foreign languages
260 _aNew York, USA
_bMcGraw-Hill Book Company
_c1964
300 _a210p.
942 _cTEXL
_h407, FIN
999 _c1346753
_d1346753